| 000 | 01036cam a2200313 a 4500 | ||
|---|---|---|---|
| 001 | 4298341 | ||
| 003 | 000 | ||
| 005 | 20170726145000.0 | ||
| 007 | 000 | ||
| 008 | 861215s1987 nyua b 001 0 eng | ||
| 010 | _a 86031583 | ||
| 020 |
_a0312004656 : _c$25.00 (est.) |
||
| 040 |
_aUOEL _cDLC _dDLC |
||
| 043 | _an-us--- | ||
| 050 | 0 | 0 |
_aHD9566 _b.B87 1987 |
| 082 | 0 | 0 |
_a333.8/232/0973 _219 |
| 100 | 2 | _aBull-Berg, Hans Jacob. | |
| 245 | 1 | 0 |
_aAmerican international oil policy : _bcausal factors and effect / _cHans Jacob Bull-Berg. |
| 260 |
_aNew York : _bSt. Martin's Press, _c1987. |
||
| 300 |
_axvi, 209 p. : _bill. ; _c23 cm. |
||
| 500 | _aIncludes index. | ||
| 504 | _aBibliography: p. [191]-201. | ||
| 650 | 0 |
_aPetroleum industry and trade _xGovernment policy _zUnited States. |
|
| 650 | 0 |
_aNational security _zUnited States. |
|
| 651 | 0 |
_aUnited States _xEconomic policy _y1981-1993. |
|
| 651 | 0 |
_aUnited States _xForeign economic relations. |
|
| 906 |
_a7 _bcbc _corignew _d1 _eocip _f19 _gy-gencatlg |
||
| 942 |
_2lcc _cSBK |
||
| 999 |
_c14595 _d14595 |
||